| 000 | 00812nam a22002297a 4500 | ||
|---|---|---|---|
| 999 |
_c988 _d988 |
||
| 003 | AR-CdUCM | ||
| 008 | 190226b ||||| |||| 00| 0 spa d | ||
| 020 | _a9681617371 | ||
| 040 |
_aMUNICIPALIDAD PROVINCIAL DEL CUSCO _cBIBLIOTECA MUNICIPAL DEL CUSCO |
||
| 082 |
_a972.37 / _bG69 |
||
| 100 |
_a González, Luis _93850 |
||
| 245 | _aPueblo en vilo / | ||
| 260 |
_aMéxico : _bFondo de Cultura Económica, _c1984. |
||
| 300 |
_a349 páginas ; _c20.5 cm. |
||
| 505 | _aContenido: Medio siglo en busca de comunión -- Treinta años de penitencia -- Veinticinco años de mudanzas ... | ||
| 650 |
_aMéxico - Historia _93851 |
||
| 650 |
_aSan José de Gracia (Michoacán) _93852 |
||
| 650 |
_aMicrohistoria - México _93853 |
||
| 650 |
_aLuis González _93854 |
||
| 942 |
_2ddc _cLIBROS |
||
| 945 |
_alccs _d2019-02-26 |
||